000 00779nam a2200241 a 4500
001 52994
003 BD-RjUL
005 20211209075907.0
008 161002b1982 n a|||| |||| 001 0 eng d
020 _a0306407701
035 _a(BD-RjUL)53114
040 _aBD-RjUL
_beng
_cBD-RjUL
041 _aeng
082 _223
_a632.70973
_bPEI 1982
100 _a Perkins, John H.
_9158405
245 _aInsects, experts, and the insecticide crisis :
_bthe quest for new pest management strategies /
_cJohn H Perkins
260 _aNew York :
_bPlenum press,
_cc1982.
300 _axviii, 304 p. :
_bill. ;
_c23 cm.
500 _aIncludes index
650 _aInsect pests
_xHistory
_z United States
_9158406
650 _aInsecticides
_xHistory.
_zUnited States
_9158407
942 _2ddc
_cBK
999 _c52994
_d52994